Animais - Statistics

Estatísticas Gerais
  • Esse quiz foi jogado 980 vezes
  • A pontuação média é 13 de 15
Estatísticas das Respostas
Hint Resposta % Correto
Gato Cat
100%
Cão Dog
100%
Peixe Fish
96%
Urso Bear
95%
Leão Lion
94%
Borboleta Butterfly
93%
Cavalo Horse
93%
Macaco Monkey
92%
Frango Chicken
91%
Vaca Cow
90%
Elefante Elephant
90%
Sapo Frog
83%
Raposa Fox
82%
Golfinho Dolphin
76%
Camelo Camel
71%
Nenhum quiz correspondente encontrado
Distribuição das Pontuações
Porcentagem de Pessoas com Cada Pontuação
Percentil de Números Respondidos
Sua Pontuação Histórica
Você não jogou esse quiz